[Event "Saint Affrique op 18th"]
[Site "Saint Affrique"]
[Date "2010.07.26"]
[Round "3"]
[White "Libiszewski, Fabien"]
[Black "Chaplin, Erik"]
[Result "1-0"]
[WhiteElo "2488"]
[BlackElo "2142"]
[PlyCount "49"]
[EventDate "2010.07.24"]
[EventType "swiss"]
[EventRounds "9"]
[EventCountry "FRA"]
[SourceTitle "CBM 137 Extra"]
[Source "ChessBase"]
[SourceDate "2010.09.01"]
[SourceVersion "1"]
[SourceVersionDate "2010.09.01"]
[SourceQuality "1"]

1. e4 e5 2. Nf3 Nc6 3. Bb5 d6 4. d4 Bd7 5. Nc3 exd4 6. Nxd4 g6 7. Be3 Bg7 8. Bxc6 bxc6 9. Qd2 Nf6 10. Bh6 Bxh6 11. Qxh6 Ng4 12. Qd2 Qh4 13. g3 Qh3 14. f4 0-0 15. 0-0-0 Rfe8 16. Nf3 Rad8 17. Ng5 Qh6 18. h3 Nf6 19. g4 Qg7 20. Rhe1 Nxg4 21. hxg4 Bxg4 22. Rh1 Bxd1 23. Rxh7 Qxh7 24. Nxh7 Kxh7 25. Qxd1 1-0

[Event "FRA-chT2 South 0607"]
[Site "France"]
[Date "2006.12.10"]
[Round "4.5"]
[White "Chaplin, Erik"]
[Black "Wehmeier, Manuel"]
[Result "0-1"]
[WhiteElo "2139"]
[BlackElo "2032"]
[PlyCount "80"]
[EventDate "2006.10.15"]
[EventType "team"]
[EventRounds "11"]
[EventCountry "FRA"]
[SourceTitle "EXT 2008"]
[Source "ChessBase"]
[SourceDate "2007.11.25"]
[SourceVersion "1"]
[SourceVersionDate "2007.11.25"]
[SourceQuality "1"]
[WhiteTeam "Saint Affrique"]
[BlackTeam "Tournefeuille"]
[WhiteTeamCountry "FRA"]
[BlackTeamCountry "FRA"]

1. e4 e5 2. Nf3 f5 3. Nxe5 Qf6 4. d4 d6 5. Nc4 fxe4 6. Nc3 Qg6 7. Bf4 Nf6 8. Ne3 Be7 9. Bc4 a6 10. h4 h5 11. Ned5 Qxg2 12. Rh2 Qg1+ 13. Kd2 Qxd1+ 14. Rxd1 Nxd5 15. Nxd5 Bd8 16. Re1 Bf5 17. f3 Kd7 18. fxe4 Bg4 19. e5 c6 20. Ne3 d5 21. Bd3 Ke6 22. Rg1 Rf8 23. Bg3 Nd7 24. Nxg4 hxg4 25. Be2 Ba5+ 26. c3 Ke7 27. h5 c5 28. Ke3 cxd4+ 29. cxd4 Bb6 30. Bxg4 Nb8 31. Bh4+ Ke8 32. Bd1 Nc6 33. Ba4 Bxd4+ 34. Ke2 Bxg1 35. Rg2 Bc5 36. Rxg7 Rf7 37. Rg8+ Rf8 38. Rg6 Rc8 39. h6 b5 40. Bb3 Nd4+ 0-1

[Event "FRA-chT2C 0506"]
[Site "France"]
[Date "2006.03.11"]
[Round "8.7"]
[White "Chaplin, Erik"]
[Black "Candy, Romain"]
[Result "0-1"]
[WhiteElo "2172"]
[BlackElo "2032"]
[PlyCount "60"]
[EventDate "2005.10.27"]
[EventType "team"]
[EventRounds "11"]
[EventCountry "FRA"]
[SourceTitle "EXT 2006"]
[Source "ChessBase"]
[SourceDate "2005.11.24"]
[SourceVersion "1"]
[SourceVersionDate "2005.11.24"]
[SourceQuality "1"]
[WhiteTeam "Lodeve Saint Affrique"]
[WhiteTeamCountry "FRA"]

1. e4 e5 2. Nf3 Nc6 3. Nc3 Nf6 4. d4 exd4 5. Nd5 Be7 6. Bc4 0-0 7. 0-0 Nxe4 8. Re1 Nf6 9. Nxe7+ Nxe7 10. Bg5 Ng6 11. Qxd4 h6 12. Nh4 hxg5 13. Nxg6 Re8 14. Rxe8+ Qxe8 15. Ne5 d5 16. Bxd5 Nxd5 17. Qxd5 c6 18. Qd6 Bf5 19. Nf3 Rd8 20. Qc5 Qe2 21. Nd4 Qd2 22. c3 Rd5 23. Qe7 Qxb2 24. Re1 Qxc3 25. Nxf5 Rxf5 26. g4 Rf4 27. Qe2 Qh3 28. f3 Rxf3 29. Qe8+ Kh7 30. Qe4+ g6 0-1

[Event "Saint Affrique op 14th"]
[Site "Saint Affrique"]
[Date "2006.??.??"]
[Round "3"]
[White "Chaplin, Erik"]
[Black "Bolon, Karelle"]
[Result "0-1"]
[WhiteElo "2156"]
[BlackElo "2011"]
[PlyCount "94"]
[EventDate "2006.07.21"]
[EventType "swiss"]
[EventRounds "9"]
[EventCountry "FRA"]
[SourceTitle "CBM 113 Extra"]
[Source "ChessBase"]
[SourceDate "2006.09.14"]
[SourceVersion "1"]
[SourceVersionDate "2006.09.14"]
[SourceQuality "1"]

1. e4 c5 2. Bc4 e6 3. Nc3 a6 4. a4 Nc6 5. d3 Nf6 6. Nge2 Be7 7. 0-0 0-0 8. f4 d5 9. exd5 exd5 10. Ba2 Nb4 11. Bb1 Bd7 12. f5 b5 13. Ng3 Bc6 14. d4 Qb6 15. a5 Qa7 16. Nce2 Bb7 17. c3 Nc6 18. Kh1 h6 19. h3 Bd8 20. Be3 c4 21. Nf4 Nxa5 22. Bc2 Qb6 23. Nfh5 Re8 24. Qd2 Kh7 25. Rf4 Nb3 26. Bxb3 cxb3 27. Raf1 Nxh5 28. Nxh5 Bg5 29. R4f3 Rxe3 30. Rxe3 Re8 31. Nf4 Re4 32. Rxe4 dxe4 33. Qe2 a5 34. Nh5 a4 35. Qg4 Qd6 36. h4 Bf6 37. Nxf6+ Qxf6 38. Qf4 Bd5 39. Kh2 Qe7 40. f6 Qxf6 41. Qxf6 gxf6 42. Kg3 Bc4 43. Ra1 e3 44. Kf3 e2 45. Ke3 a3 46. bxa3 b2 47. Re1 Ba2 0-1

[Event "Mont de Marsan op"]
[Site "Mont de Marsan"]
[Date "2005.12.26"]
[Round "2"]
[White "Chaplin, Erik"]
[Black "Velikov, Petar"]
[Result "0-1"]
[WhiteElo "2172"]
[BlackElo "2452"]
[PlyCount "34"]
[EventDate "2005.12.26"]
[EventType "swiss"]
[EventRounds "7"]
[EventCountry "FRA"]
[SourceTitle "CBM 110 Extra"]
[Source "ChessBase"]
[SourceDate "2006.03.10"]
[SourceVersion "2"]
[SourceVersionDate "2006.03.10"]
[SourceQuality "1"]

1. e4 c5 2. Nf3 e6 3. c3 Nf6 4. e5 Nd5 5. d4 cxd4 6. cxd4 d6 7. Bd2 Bd7 8. Bd3 Bc6 9. Na3 dxe5 10. Nxe5 Nb4 11. Bxb4 Bxb4+ 12. Kf1 Bxa3 13. bxa3 Qxd4 14. Nxf7 Rf8 15. Bxh7 Qxd1+ 16. Rxd1 Kxf7 17. h4 Nd7 0-1

[Event "Saint Affrique op 13th"]
[Site "Saint Affrique"]
[Date "2005.07.24"]
[Round "2"]
[White "Chaplin, Erik"]
[Black "Canivet, Christophe"]
[Result "1-0"]
[WhiteElo "2148"]
[BlackElo "1917"]
[PlyCount "37"]
[EventDate "2005.07.23"]
[EventType "swiss"]
[EventRounds "9"]
[EventCountry "FRA"]
[SourceTitle "CBM 107 Extra"]
[Source "ChessBase"]
[SourceDate "2005.09.01"]
[SourceVersion "1"]
[SourceVersionDate "2005.09.01"]
[SourceQuality "1"]

1. e4 e5 2. Nf3 Nc6 3. Bb5 Bc5 4. 0-0 Nd4 5. Nxd4 Bxd4 6. c3 Bc5 7. d4 exd4 8. cxd4 Bb6 9. Nc3 Ne7 10. Bg5 h6 11. Bh4 g5 12. Bg3 c6 13. Be5 Rg8 14. Bc4 d5 15. Bb3 Be6 16. Re1 Qd7 17. exd5 Nxd5 18. Nxd5 cxd5 19. Ba4 1-0

[Event "St Chely d'Aubrac op 5th"]
[Site "St Chely d'Aubrac"]
[Date "2005.07.09"]
[Round "1"]
[White "Perrin, Yannick"]
[Black "Chaplin, Erik"]
[Result "0-1"]
[WhiteElo "1720"]
[BlackElo "2148"]
[PlyCount "52"]
[EventDate "2005.07.09"]
[EventType "swiss"]
[EventRounds "9"]
[EventCountry "FRA"]
[SourceTitle "CBM 107 Extra"]
[Source "ChessBase"]
[SourceDate "2005.09.01"]
[SourceVersion "1"]
[SourceVersionDate "2005.09.01"]
[SourceQuality "1"]

1. e4 d5 2. Nc3 dxe4 3. Nxe4 e5 4. Nf3 f5 5. Nc3 e4 6. Qe2 Be7 7. Ne5 Qd4 8. Nc4 Be6 9. b3 b5 10. Nb2 a6 11. Qe3 Nc6 12. Qxd4 Nxd4 13. Kd1 Nf6 14. Ne2 Bc5 15. d3 Nxe2 16. Kxe2 Bd4 17. Rb1 0-0 18. Bf4 Rfe8 19. g3 exd3+ 20. Kxd3 Rad8 21. Bxc7 Rd7 22. c4 Bxb2+ 23. Kc2 Ba3 24. Be5 f4 25. Bxf6 Bf5+ 26. Kc3 b4# 0-1

[Event "FRA-chT2 0405"]
[Site "France"]
[Date "2004.11.07"]
[Round "3.5"]
[White "Chaplin, Erik"]
[Black "Smyrek, Ingo"]
[Result "1-0"]
[WhiteElo "2119"]
[BlackElo "2031"]
[PlyCount "67"]
[EventDate "2004.10.10"]
[EventType "team"]
[EventRounds "11"]
[EventCountry "FRA"]
[SourceTitle "EXT 2006"]
[Source "ChessBase"]
[SourceDate "2005.11.24"]
[SourceVersion "1"]
[SourceVersionDate "2005.11.24"]
[SourceQuality "1"]

1. e4 Nf6 2. Nc3 d5 3. exd5 Nxd5 4. Bc4 Nb6 5. Bb3 Nc6 6. Nf3 Bf5 7. 0-0 e6 8. d4 Be7 9. Ne2 Bg4 10. Qd3 Bf6 11. Rd1 Qe7 12. c3 Bf5 13. Qe3 Na5 14. Ng3 Bg6 15. Qe2 Nxb3 16. axb3 0-0 17. c4 c6 18. Bd2 a6 19. Qe1 Rfe8 20. Bb4 Qd7 21. Ne5 Qc8 22. Nxg6 hxg6 23. Ne4 Be7 24. Rd3 Bxb4 25. Qxb4 Qc7 26. Qa5 Rad8 27. c5 Nd5 28. Qxc7 Nxc7 29. Nd6 Rxd6 30. cxd6 Nb5 31. d5 exd5 32. d7 Rd8 33. Re1 Kf8 34. Rh3 1-0

[Event "Saint Affrique op 12th"]
[Site "Saint Affrique"]
[Date "2004.07.26"]
[Round "4"]
[White "Milliet, Sophie"]
[Black "Chaplin, Erik"]
[Result "1-0"]
[WhiteElo "2280"]
[BlackElo "2134"]
[PlyCount "49"]
[EventDate "2004.07.24"]
[EventType "swiss"]
[EventRounds "9"]
[EventCountry "FRA"]
[SourceTitle "CBM 101 Extra"]
[Source "ChessBase"]
[SourceDate "2004.09.01"]
[SourceVersion "2"]
[SourceVersionDate "2004.09.01"]
[SourceQuality "1"]

1. e4 e5 2. Nf3 Nc6 3. Bc4 Nf6 4. d3 Bc5 5. c3 d6 6. Nbd2 Bb6 7. Bb3 a6 8. 0-0 Ba7 9. a4 a5 10. Nc4 h6 11. Be3 0-0 12. Bxa7 Rxa7 13. Ne3 Be6 14. Re1 Re8 15. Bc2 d5 16. exd5 Nxd5 17. Nc4 f6 18. Na3 Ra8 19. d4 Bg4 20. Qd3 Nf4 21. Qh7+ Kf7 22. Bb3+ Be6 23. Bxe6+ Rxe6 24. Qe4 Qd5 25. Qxd5 1-0

[Event "Saint Affrique op 11th"]
[Site "Saint Affrique"]
[Date "2003.07.21"]
[Round "4"]
[White "Fougerit, Valentin"]
[Black "Chaplin, Erik"]
[Result "0-1"]
[WhiteElo "2058"]
[BlackElo "2139"]
[PlyCount "34"]
[EventDate "2003.07.19"]
[EventType "swiss"]
[EventRounds "9"]
[EventCountry "FRA"]
[SourceTitle "CBM 095 Extra"]
[Source "ChessBase"]
[SourceDate "2003.09.04"]
[SourceVersion "1"]
[SourceVersionDate "2003.09.04"]
[SourceQuality "1"]

1. e4 Nc6 2. d4 d5 3. e5 Bf5 4. c3 e6 5. Ne2 f6 6. f4 fxe5 7. dxe5 Qh4+ 8. g3 Qh5 9. Bg2 Bh3 10. 0-0 Bg4 11. Kf2 Bc5+ 12. Be3 Bxe3+ 13. Kxe3 Qxh2 14. Kf2 Bh3 15. Rg1 Nh6 16. Nd2 Ng4+ 17. Kf3 0-0 0-1

[Event "FRA-chT2"]
[Site "France"]
[Date "2002.01.20"]
[Round "6"]
[White "Chaplin, Erik"]
[Black "Lebel, Patrick"]
[Result "1/2-1/2"]
[WhiteElo "2192"]
[BlackElo "2169"]
[PlyCount "44"]
[EventDate "2002.??.??"]
[EventType "team"]
[EventRounds "11"]
[EventCountry "FRA"]
[SourceTitle "EXT 2003"]
[Source "ChessBase"]
[SourceDate "2002.11.25"]
[SourceVersion "1"]
[SourceVersionDate "2002.11.25"]
[SourceQuality "1"]

1. e4 Nf6 2. e5 Nd5 3. Nc3 Nxc3 4. dxc3 d5 5. Bd3 c5 6. f4 Nc6 7. Nf3 Bg4 8. h3 Bxf3 9. Qxf3 e6 10. 0-0 c4 11. Be2 Bc5+ 12. Kh1 Qd7 13. b3 cxb3 14. axb3 0-0 15. Qg3 f6 16. b4 Bb6 17. b5 Ne7 18. exf6 Rxf6 19. Bd3 Nf5 20. Bxf5 Rxf5 21. Qd3 Rc8 22. Be3 Bc7 1/2-1/2

[Event "FRA-chT2"]
[Site "France"]
[Date "2001.10.14"]
[Round "1"]
[White "Chaplin, Erik"]
[Black "Bedos, Michel"]
[Result "1/2-1/2"]
[WhiteElo "2192"]
[BlackElo "2304"]
[PlyCount "87"]
[EventDate "2002.??.??"]
[EventType "team"]
[EventRounds "11"]
[EventCountry "FRA"]
[SourceTitle "EXT 2003"]
[Source "ChessBase"]
[SourceDate "2002.11.25"]
[SourceVersion "1"]
[SourceVersionDate "2002.11.25"]
[SourceQuality "1"]

1. e4 e6 2. d4 d5 3. Nc3 Bb4 4. Nge2 dxe4 5. a3 Bxc3+ 6. Nxc3 Nc6 7. Bb5 Nge7 8. Bg5 f6 9. Be3 0-0 10. Qd2 f5 11. 0-0-0 e5 12. Bc4+ Kh8 13. dxe5 Qxd2+ 14. Rxd2 Nxe5 15. Bb3 c6 16. Bc5 N5g6 17. f3 exf3 18. gxf3 b6 19. Bd6 Ba6 20. h4 h5 21. Rg1 Rf6 22. Rg5 Ng8 23. Rxh5+ Nh6 24. Rg5 Rd8 25. Be7 Rxd2 26. Bxf6 Rd6 27. Rxg6 Rxf6 28. Rxf6 gxf6 29. Kd2 Kg7 30. Ke3 Kg6 31. Kf4 Kh5 32. Be6 Kxh4 33. Bd7 Bb7 34. Ne2 c5 35. Ng3 Kh3 36. Nxf5 Nxf5 37. Bxf5+ Kg2 38. Be4 Bc8 39. Ke3 Kg3 40. f4 Kg4 41. Bd5 Bf5 42. c3 Bd7 43. b4 Bf5 44. bxc5 1/2-1/2

[Event "St Chely d'Aubrac op 1st"]
[Site "St Chely d'Aubrac"]
[Date "2001.08.31"]
[Round "8"]
[White "Saucey, Michel"]
[Black "Chaplin, Erik"]
[Result "1-0"]
[WhiteElo "2331"]
[BlackElo "2204"]
[PlyCount "55"]
[EventDate "2001.08.26"]
[EventType "swiss"]
[EventRounds "9"]
[EventCountry "FRA"]
[SourceTitle "EXT 2002"]
[Source "ChessBase"]
[SourceDate "2001.11.25"]
[SourceVersion "1"]
[SourceVersionDate "2001.11.25"]
[SourceQuality "1"]

1. d4 d5 2. c4 Nc6 3. Nc3 e6 4. Nf3 Bb4 5. Bg5 Nf6 6. e3 h6 7. Bh4 g5 8. Bg3 Ne4 9. Nd2 Nxc3 10. bxc3 Bxc3 11. Rc1 Bb4 12. h4 gxh4 13. Bxh4 Be7 14. Qh5 Bxh4 15. Rxh4 Qe7 16. Rf4 e5 17. dxe5 Be6 18. cxd5 Bxd5 19. Bb5 0-0-0 20. Bxc6 Bxc6 21. Rxf7 Qa3 22. Qf5+ Kb8 23. Qc2 Rhe8 24. Nf3 Qa5+ 25. Qc3 Qxa2 26. Rf6 Re7 27. Rxc6 bxc6 28. Nd4 1-0

[Event "Saint Affrique op 08th "]
[Site "Saint Affrique"]
[Date "2000.07.24"]
[Round "3"]
[White "Chaplin, Erik"]
[Black "Fontaine, Robert"]
[Result "0-1"]
[WhiteElo "2158"]
[BlackElo "2449"]
[PlyCount "73"]
[EventDate "2000.07.??"]
[EventType "swiss"]
[EventRounds "9"]
[EventCountry "FRA"]
[SourceTitle "EXT 2001"]
[Source "ChessBase"]
[SourceDate "2000.11.22"]
[SourceVersion "1"]
[SourceVersionDate "2000.11.22"]
[SourceQuality "1"]

1. e4 c5 2. Nf3 a6 3. Nc3 b5 4. g3 Bb7 5. d3 e6 6. Bg2 b4 7. Nb1 d6 8. a3 a5 9. axb4 axb4 10. Rxa8 Bxa8 11. 0-0 Nf6 12. Nbd2 Be7 13. Qe2 Nc6 14. c3 0-0 15. Nc4 Nd7 16. Bf4 Nb6 17. Nfd2 Na4 18. Nb1 Na5 19. Qd1 Bc6 20. Qc2 Nxc4 21. dxc4 Qa5 22. Rd1 e5 23. Bd2 Rb8 24. b3 Nxc3 25. Nxc3 bxc3 26. Bxc3 Qb6 27. Rb1 Qb7 28. f4 exf4 29. gxf4 Bf8 30. e5 dxe5 31. Bxe5 Re8 32. Bxc6 Qxc6 33. Rd1 Re6 34. Rd5 Rg6+ 35. Kf2 Qc8 36. Qe4 Qh3 37. f5 0-1